| 000 | 00751nam a2200241Ia 4500 | ||
|---|---|---|---|
| 003 | OSt | ||
| 005 | 20220925170419.0 | ||
| 006 | a|||||r|||| 00| 0 | ||
| 007 | ta | ||
| 008 | 220923b |||||||| |||| 00| 0 eng d | ||
| 037 | _cGeneral Book | ||
| 040 |
_aRTL _cRTL _beng |
||
| 041 |
_2eng _aeng |
||
| 082 | _aV1:19(Y592), Q1/TD | ||
| 100 |
_aAbruzzo Margaret _9236683 |
||
| 245 | 0 |
_aPolemical Pain _bSlavery,Cruelty,and the Rise of Humantanism |
|
| 260 |
_aBaltimore _bThe Johns Hopkins University Press USA _c2011 |
||
| 300 |
_a330p. _ccm. |
||
| 490 | _aInternational Handbooks on Gender | ||
| 500 | _aBibliography chapterwise | ||
| 942 |
_hV1:19(Y592), Q1/TD _cGB _2CC |
||
| 999 |
_c480038 _d480038 |
||